000 00617nam a2200205 a 4500
999 _c1275
_d1275
001 1275
003 BD-JhCC
005 20171017171718.0
008 171017s2010 bg |||| |||| 000 0 ben d
035 _a(BD-JhCC)1275
040 _aBD-JhCC
_dBD-JhCC
041 _aben
082 _a891.443
_bSHA 2010
100 _aশাকুর, আবদুশ
245 _aউত্তর-দক্ষিণ সংলাপ /
_cআবদুশ শাকুর
260 _aঢাকা:
_bঐহিত্য,
_c২০১০
300 _a১৩৫ পৃ.;
_c২২ সে.মি.
650 _aBengali Novel
942 _2ddc
_cBK